000 00728nam a2200193Ia 4500
008 090124s9999 xx 000 0 und d
082 _b22105
_a2330
100 _aगोरे दादा व ओक सुनेत्रा
245 _a हरिश्चंद्राख्यान
250 _a1
260 _c1977
300 _a107
600 _aगोरे दादा व ओक सुनेत्रा
630 _a हरिश्चंद्राख्यान
700 _aगोरे दादा व ओक सुनेत्रा
700 _aगोरे दादा व ओक सुनेत्रा
730 _a हरिश्चंद्राख्यान
942 _cBOOK
999 _c135751
_d135751